Spôsob a zariadenie na delenie monokryštalických materiálov, zariadenie na nastavovanie monokryštálu a skúšobný postup

Bibliographic Details
Corporate Author: Freiberger Compound Materials GmbH (Freiberg, Nemecko) (Patent holder)
Other Authors: Kleinwechter, André (Originator), Fladde, Tilo (Originator), Kumann, Cornelia (Originator), Gruszynsky, Ralf (Originator), Hammer, Ralf (Originator)
Format: Book
Language:Slovak
Published: [Banská Bystrica] Úrad priemyselného vlastníctva SR [2008]
Subjects:

MARC

LEADER 00000cam a2200000 a 4500
001 vtls009830993
003 SK-MaSNL
005 20260301025517.0
008 251120s2008 xo a j f000 0 slo
013 |a 286535  |b gw  |c patent  |d 20081205  |e dátum nadobudnutia účinkov patentu (Vestník ÚPV SR č.: 12/2008)  |d 20081112  |e dátum sprístupnenia patentu 
013 |a 450-2003  |e číslo prihlášky  |d 20010730  |e dátum podania prihlášky  |d 20031104  |e dátum zverejnenia prihlášky (Vestník ÚPV SR č.: 11/2003) 
013 |a 100 52 154.1  |e číslo prioritnej prihlášky  |d 20001020  |e dátum podania prioritnej prihlášky  |b DE  |e kód krajiny prioritnej prihlášky 
015 |a SNBN2015 
035 |a (SVKBBclas03)vtls000302572 
040 |a SNK  |b slo  |c SNK  |e AACR2 
041 0 |a slo 
044 |a xo  |c SK 
072 7 |a 548  |x Kryštalografia  |2 konspekt 
080 |a 548.55  |2 2001 
084 |a C30B 33/00  |2 IPC 
084 |a C30B 35/00  |2 IPC 
084 |a B28D 5/00  |2 IPC 
245 0 0 |a Spôsob a zariadenie na delenie monokryštalických materiálov, zariadenie na nastavovanie monokryštálu a skúšobný postup  |c Ralf Hammer ... [et al] ; patent. zást. Zuzana Hörmannová 
260 |a [Banská Bystrica]  |b Úrad priemyselného vlastníctva SR  |c [2008] 
300 |a 13 s.  |b obr.  |c 30 cm 
650 0 7 |a monokryštály  |2 SNKPH  |9 22235 
650 0 7 |a Monocrystals  |2 SNKPHeng  |9 321590 
655 7 |a patenty  |2 SNKPH  |9 177343 
655 7 |a patent licenses  |2 SNKPHeng  |9 303430 
700 1 |a Kleinwechter, André  |4 org  |9 321591 
700 1 |a Fladde, Tilo  |4 org  |9 321592 
700 1 |a Kumann, Cornelia  |4 org  |9 321593 
700 1 |a Gruszynsky, Ralf  |4 org  |9 321594 
700 1 |a Hörmannová, Zuzana  |4 oth  |9 303433 
700 1 |a Hammer, Ralf  |4 org  |9 321595 
710 2 |a Freiberger Compound Materials GmbH (Freiberg, Nemecko)  |4 pth  |9 321596 
999 |c 572921  |d 574851 
952 |a SNK  |b SNK  |y PREZ  |7 0  |p 17A1171605  |o snkSK 286535  |i snk2015/28981  |8 0  |0 0  |1 0  |4 0  |d 2015-10-16  |l 0  |r 2026-02-23 14:22:33  |w 2026-02-23